000 00676cam9a220024100 4500
001 qcf00001623
005 20190823110047.0
008 720613s1971 fr 000 0 fre u
010 _a 72852401
035 _a(Sirsi) r100221
035 _a(QCAT)lss00232206
035 _a(UPRA)qcf00001623
040 _dUPRA
050 _aNX600.S9
_bB68
100 1 _aBrechon, Robert.
_6A58607.1
245 1 3 _aLe surrealisme.
260 _aParis :
_bA. Colin,
_c[1971]
490 0 _aCollection U2, 159. Syntheses
_6S9542.1
504 _aBibliography: p. [202]-216.
650 0 _aSurrealism.
_6S3780.1
949 _aNX600.S9
_wlcc
_i-142906
_mMAIN
_tBOOK
_lON-SHELF
004 100221
999 _c150586
_d150586